000 00617nam a2200229Ia 4500
003 OSt
005 20220928143249.0
006 a|||||r|||| 00| 0
007 ta
008 220927b |||||||| |||| 00| 0 eng d
024 _a21503
037 _cTextual
040 _aSDCL
_cSDCL
_beng
041 _2eng
_aeng
082 _aE9G,68, M1.1
100 _aGinsburg Victor Ed.
_9504968
245 0 _aBiology of carbohydrates.V1.
260 _c1981
700 _a Robbins Phillips Ed.
_9504969
942 _hE9G,68, M1.1
_cTEXL
_2CC
999 _c823542
_d823542